Central Library OPAC University of Rajshahi

The fiscal impact of federalism in the United States / (Record no. 5816)

MARC details
000 -LEADER
fixed length control field 01022cam a22002892 4500
001 - CONTROL NUMBER
control field 5816
003 - CONTROL NUMBER IDENTIFIER
rucl marc code BD-RjUL
005 - DATE AND TIME OF LATEST TRANSACTION
control field 20211208234132.0
008 - FIXED-LENGTH DATA ELEMENTS--GENERAL INFORMATION
fixed length control field 140107r19701946maua b 001 0 eng c
035 ## - SYSTEM CONTROL NUMBER
System control number OCLC ocm00945757 from D970605M
-- (BD-RjUL)5855
040 ## - CATALOGING SOURCE
Original cataloging agency Harvard Univ. Library
Transcribing agency HRM
Modifying agency SER
-- EQO
-- BD-RjUL
Language of cataloging eng
041 ## - LANGUAGE CODE
Language code of text/sound track or separate title eng
082 00 - DEWEY DECIMAL CLASSIFICATION NUMBER
Classification number 336.73
Author mark and year MAF 1970
100 1# - MAIN ENTRY--PERSONAL NAME
Personal name Maxwell, James Ackley,
Dates associated with a name 1897-1975.
9 (RLIN) 18274
245 14 - TITLE STATEMENT
Title The fiscal impact of federalism in the United States /
Statement of responsibility, etc. by James A. Maxwell.
260 ## - PUBLICATION, DISTRIBUTION, ETC. (IMPRINT)
Place of publication, distribution, etc. New York :
Name of publisher, distributor, etc. Russell & Russell,
Date of publication, distribution, etc. c1946 [Reissued 1970].
300 ## - PHYSICAL DESCRIPTION
Pagination xvi p., 2 β., [3]-427 p. :
Size 23 cm.
Illustrations tables, diagrs. ;
490 1# - SERIES STATEMENT
Series statement Harvard economic studies.
Volume/sequential designation Vol. LXXIX
504 ## - BIBLIOGRAPHY, ETC. NOTE
Bibliography, etc Bibliographical foot-notes and index.
650 #0 - SUBJECT ADDED ENTRY--TOPICAL TERM
Topical term or geographic name as entry element Finance
Geographic subdivision United States.
9 (RLIN) 18275
Topical term or geographic name as entry element Federal government
Geographic subdivision United States.
9 (RLIN) 17930
830 #0 - SERIES ADDED ENTRY--UNIFORM TITLE
Volume number/sequential designation Vol. LXXIX.
Uniform title Harvard economic studies ;
942 ## - ADDED ENTRY ELEMENTS (KOHA)
Source of classification or shelving scheme Dewey Decimal Classification
Koha item type Books
Holdings
Lost status Source of classification or shelving scheme Damaged status Not for loan Collection code Permanent Location Current Location Shelving location Date acquired Source of acquisition Total Checkouts Full call number Date last seen Copy number Koha item type
  Dewey Decimal Classification   Not For Loan Non-fiction Central Library, University of Rajshahi Central Library, University of Rajshahi   17/11/1985 Asia Foundation   336.73 MAF 1970 07/01/2014 C-1 Books
  Dewey Decimal Classification     Non-fiction Central Library, University of Rajshahi Central Library, University of Rajshahi   03/09/1983 Author   336.73 MAF 1970 20/08/2016 C-2 Books